| 000 | 00404nam a2200145Ia 4500 | ||
|---|---|---|---|
| 008 | 230917s9999||||xx |||||||||||||| ||und|| | ||
| 040 |
_e128413 _aMAIN |
||
| 041 | _aEnglish | ||
| 082 | _a934 A16I | ||
| 100 | _aAvari, Burjor | ||
| 245 | 0 | _aIndia: The ancient past:A history of the Indian Sub-Continent from C.7000 BC to AD 1200 | |
| 260 |
_aLondon _bRoutledge _c2007 |
||
| 300 | _a284 p. | ||
| 942 | _cBK | ||
| 999 |
_c149750 _d149750 |
||